Las administraciones ante los riesgos sociales y globales

Bibliographic Details
Main Author: del Pino, Elos̕a
Other Authors: Subirats, Joan
Format: eBook
Language:Spanish
Published: Madrid: Instituto Nacional de Administracin̤ Pb︢lica (INAP), 2021
Subjects:
Online Access:Acceso restringido

MARC

LEADER 00000nam a22000007a 4500
005 2021052009179.0
007 cr|||| ||||
008 210520s2021 es |||||s|||| 00||0 spa d
020 |a 978-84-7351-716-4 
035 |a 33722 
040 |a vLex 
090 |c 11756  |d 11756 
100 1 |a del Pino, Elos̕a 
245 1 3 |a Las administraciones ante los riesgos sociales y globales  |h [Recurso electrn̤ico] /  |c Elos̕a del Pino, Joan Subirats 
256 |a Servicio en ln̕ea 
260 |a Madrid:  |b Instituto Nacional de Administracin̤ Pb︢lica (INAP),  |c 2021 
300 |a 1 recurso electrn̤ico 
506 1 |a Disponible solo en los productos indicados  |d vLex Global  |d vLex Global (Academic Edition, excluding Law Schools)  |d vLex Global (U.S. Academic Edition, Law Schools)  |d vLex Global (U.S. Academic Edition, excluding Law Schools)  |d vLex Global (Academic Edition, Law Schools) 
650 0 4 |a Derecho Pb︢lico y Administrativo  |z Espaą 
700 1 |a Subirats, Joan 
740 0 |a vLex Libros (Servicio en ln̕ea) 
856 4 0 |u https://vlex.com/source/administraciones-ante-los-riesgos-sociales-y-globales-33722  |z Acceso restringido 
942 |c BOOK 
999 0 |a Public and Administrative Law